[Event "Jastrzebie Zdroj op"]
[Site "Jastrzebie Zdroj"]
[Date "2018.08.21"]
[Round "5"]
[White "Orzechowski, Michal"]
[Black "Horvath, Tomas"]
[Result "0-1"]
[WhiteElo "1651"]
[BlackElo "1962"]
[PlyCount "96"]
[EventDate "2018.08.18"]
[EventType "swiss"]
[EventRounds "9"]
[EventCountry "POL"]
[SourceTitle "CBM 186 Extra"]
[Source "ChessBase"]
[SourceDate "2018.08.24"]
[SourceVersion "1"]
[SourceVersionDate "2018.08.24"]
[SourceQuality "1"]

1. d4 Nf6 2. c4 e6 3. Nc3 Bb4 4. Bg5 h6 5. Bxf6 Qxf6 6. e3 0-0 7. Nf3 b6 8. Qc2 Bb7 9. Be2 c5 10. 0-0 Bxc3 11. Qxc3 Nc6 12. d5 Qxc3 13. bxc3 Na5 14. Rfd1 Ba6 15. dxe6 dxe6 16. Nd2 Rad8 17. Kf1 f5 18. f4 Kh7 19. h3 Rfe8 20. Kf2 e5 21. Nf3 exf4 22. exf4 Bxc4 23. Ne5 Bxe2 24. Kxe2 g5 25. Kf3 Kg7 26. Rab1 Kf6 27. Nd7+ Ke7 28. Ne5 Ke6 29. Ke3 Rg8 30. g3 h5 31. Kf3 g4+ 32. Kg2 Nb7 33. h4 Nd6 34. Rd3 Ne4 35. Rbd1 Rxd3 36. Rxd3 Rg7 37. a4 c4 38. Nxc4 Rc7 39. Rd4 Nxc3 40. a5 b5 41. Ne5 Nd5 42. Rd2 b4 43. Rb2 Ne3+ 44. Kg1 Rc1+ 45. Kh2 Rc2+ 46. Rxc2 Nxc2 47. Nc4 b3 48. Kg2 Ne3+ 0-1

[Event "Orlova op 13th"]
[Site "Orlova"]
[Date "2016.05.28"]
[Round "8"]
[White "Sulkowski, Dawid"]
[Black "Orzechowski, Michal"]
[Result "0-1"]
[WhiteElo "1318"]
[BlackElo "1630"]
[PlyCount "46"]
[EventDate "2016.05.21"]
[EventType "swiss"]
[EventRounds "9"]
[EventCountry "CZE"]
[SourceTitle "EXT 2017"]
[Source "ChessBase"]
[SourceDate "2016.10.25"]
[SourceVersion "1"]
[SourceVersionDate "2016.10.25"]
[SourceQuality "1"]

1. e4 e6 2. Nf3 d5 3. exd5 exd5 4. d4 Bd6 5. Bd3 Ne7 6. 0-0 h6 7. Be3 Bf5 8. c3 0-0 9. Qc2 Qd7 10. Nbd2 c6 11. Rfe1 Na6 12. Nf1 Bxd3 13. Qxd3 Ng6 14. Qd2 f5 15. Ne5 Bxe5 16. dxe5 f4 17. Bd4 c5 18. e6 Qd6 19. e7 Rfe8 20. Be5 Nxe5 21. Qxf4 Rxe7 22. Re2 Rf8 23. Qg3 Nf3+ 0-1

[Event "Liptovsky Mikulas CupT U20"]
[Site "Liptovsky Mikulas"]
[Date "2015.06.26"]
[Round "2.3"]
[White "Orzechowski, Michal"]
[Black "Bielik, Jakub"]
[Result "1-0"]
[WhiteElo "1356"]
[BlackElo "1627"]
[PlyCount "35"]
[EventDate "2015.06.25"]
[EventType "team-swiss"]
[EventRounds "7"]
[EventCountry "SVK"]
[SourceTitle "CBM 167 Extra"]
[Source "ChessBase"]
[SourceDate "2015.09.14"]
[SourceVersion "1"]
[SourceVersionDate "2015.09.14"]
[SourceQuality "1"]
[WhiteTeam "Jastrzebie Zdroj (U18)"]
[BlackTeam "Povazie RSA (U18)"]
[WhiteTeamCountry "POL"]
[BlackTeamCountry "SVK"]

1. e4 e6 2. d4 d5 3. Nc3 Nf6 4. Bg5 dxe4 5. Nxe4 Be7 6. Nxf6+ Bxf6 7. Bxf6 Qxf6 8. Nf3 0-0 9. Bd3 Nc6 10. c3 Re8 11. 0-0 Bd7 12. Re1 Ne7 13. Ne5 Bc6 14. b4 a6 15. Qe2 Bd5 16. a4 Qg5 17. g3 f6 18. h4 1-0

[Event "Orlova op-A 12th"]
[Site "Orlova"]
[Date "2015.05.26"]
[Round "3"]
[White "Orzechowski, Michal"]
[Black "Sulkowski, Dawid"]
[Result "1/2-1/2"]
[WhiteElo "1372"]
[BlackElo "1238"]
[PlyCount "54"]
[EventDate "2015.05.24"]
[EventType "swiss"]
[EventRounds "9"]
[EventCountry "CZE"]
[SourceTitle "CBM 166 Extra"]
[Source "ChessBase"]
[SourceDate "2015.06.18"]
[SourceVersion "1"]
[SourceVersionDate "2015.06.18"]
[SourceQuality "1"]

1. d4 d5 2. Nf3 Nc6 3. e3 Nf6 4. Bd3 Bg4 5. c4 e5 6. Be2 Bb4+ 7. Bd2 Bxd2+ 8. Qxd2 exd4 9. Nxd4 Nxd4 10. Bxg4 Nxg4 11. Qxd4 Nf6 12. Nc3 c6 13. cxd5 cxd5 14. Rd1 0-0 15. Nxd5 Nxd5 16. Qxd5 Qxd5 17. Rxd5 Rac8 18. Rd7 Rc1+ 19. Rd1 Rc2 20. Rb1 Rfc8 21. 0-0 f5 22. h3 Rd2 23. Rfd1 Re2 24. b3 Rxa2 25. Rbc1 Rxc1 26. Rxc1 b6 27. Rc7 Ra3 1/2-1/2

[Event "Karvina op"]
[Site "Karvina"]
[Date "2014.06.30"]
[Round "3"]
[White "Orzechowski, Michal"]
[Black "Hurta, Jiri"]
[Result "0-1"]
[WhiteElo "1587"]
[BlackElo "1852"]
[PlyCount "28"]
[EventDate "2014.06.28"]
[EventType "swiss"]
[EventRounds "9"]
[EventCountry "CZE"]
[SourceTitle "CBM 161 Extra"]
[Source "ChessBase"]
[SourceDate "2014.08.29"]
[SourceVersion "1"]
[SourceVersionDate "2014.08.29"]
[SourceQuality "1"]

1. d4 Nf6 2. Nf3 g6 3. e3 Bg7 4. Bd3 d6 5. b3 Nc6 6. Bb2 e5 7. dxe5 dxe5 8. Nxe5 Nxe5 9. Bxe5 Qd5 10. Bxf6 Bxf6 11. a4 Qxg2 12. Rf1 Bxa1 13. Na3 Bc3+ 14. Ke2 Bg4# 0-1

[Event "Orlova op 8th"]
[Site "Orlova"]
[Date "2011.05.24"]
[Round "4"]
[White "Orzechowski, Michal"]
[Black "Pilch, David"]
[Result "0-1"]
[WhiteElo "1587"]
[BlackElo "1596"]
[PlyCount "92"]
[EventDate "2011.05.21"]
[EventType "swiss"]
[EventRounds "9"]
[EventCountry "CZE"]
[SourceTitle "CBM 142 Extra"]
[Source "ChessBase"]
[SourceDate "2011.06.27"]
[SourceVersion "1"]
[SourceVersionDate "2011.06.27"]
[SourceQuality "1"]

1. e4 d5 2. exd5 Nf6 3. Nf3 Nxd5 4. Bc4 Bf5 5. 0-0 e6 6. Nc3 Nb6 7. Bb3 Be7 8. Re1 0-0 9. d4 Nc6 10. Bf4 Bf6 11. Be5 Bxe5 12. dxe5 Qxd1 13. Raxd1 a6 14. Ne4 Bxe4 15. Rxe4 Rad8 16. Ree1 Rd7 17. c3 Rfd8 18. g3 Rxd1 19. Rxd1 Rxd1+ 20. Bxd1 Nd7 21. Kf1 Ndxe5 22. Nxe5 Nxe5 23. Bc2 h6 24. Ke2 Kf8 25. f4 Nc4 26. Bb3 Nxb2 27. Kd2 b5 28. c4 Nxc4+ 29. Bxc4 bxc4 30. Kc3 Ke7 31. Kxc4 Kd6 32. Kd4 c5+ 33. Kc4 Kc6 34. a4 f6 35. a5 e5 36. f5 Kd6 37. g4 Kc6 38. h3 Kd6 39. h4 Kc6 40. h5 e4 41. Kc3 Kd5 42. Kd2 Kd4 43. Ke2 c4 44. Kd2 e3+ 45. Kc2 c3 46. Kc1 e2 0-1